000 00445nam a22001697a 4500
005 20230816103536.0
008 230816b |||||||| |||| 00| 0 eng d
020 _a978-04-3300-048-8
041 _aeng
082 _a618.04
100 _aPOLDEN, MARGARET AND MANTLE, JILL
_97908
245 _aPHYSIOTHERAPY IN OBSTETRICS AND GYNAECOLOGY
260 _aNEW DELHI
_bJAYPEE BROHER'S
_c1990
300 _a441;p
650 _aBPT
_97909
942 _cBK
999 _c8353
_d8351